Anecdotes de Minecraft - Statistiques

Statistiques générales
  • Ce quiz a été pris 34 fois
  • Le résultat moyen est 3 sur 10
Statistiques - réponses
Anecdote : Réponse : % Correct
Name tag qui rend un mouton arc-en-ciel jeb_
77%
La légende qui jamais ne mourra 👑🐷 Technoblade
62%
Seul mob hostile qui peut monter aux échelles Creeper
38%
Les évocateurs changent la couleur des moutons de cette couleur en moutons rouges. Bleu
23%
Premier nom de Minecraft Cave Game
23%
Name tag qui rend le vindicateur agressif envers tous les mobs Johnny
23%
Lorsque l'on pose un tapis sur cette plante et qu'un zombie marche dessus, il danse Tournesol
19%
Name tag qui change la couleur d'un lapin Toast
15%
Bloc qui fait fuir les hoglins Champignon biscornu
12%
Créateur Scratch qui a reproduit Minecraft en 2D Griffpatch
8%
Aucun quiz correspondant
Distribution des résultats
% des personnes avec chaque résultat
Percentile par nombre de réponses
Votre historique - résultats
Vous n’avez pas pris ce quiz